| 000 -LEADER |
| fixed length control field |
02039 a2200265 4500 |
| 003 - CONTROL NUMBER IDENTIFIER |
| control field |
OSt |
| 005 - DATE AND TIME OF LATEST TRANSACTION |
| control field |
20180116192401.0 |
| 008 - FIXED-LENGTH DATA ELEMENTS--GENERAL INFORMATION |
| fixed length control field |
120702t xxu||||| |||| 00| 0 eng d |
| 020 ## - INTERNATIONAL STANDARD BOOK NUMBER |
| International Standard Book Number |
0714844470 (paperback) |
| 020 ## - INTERNATIONAL STANDARD BOOK NUMBER |
| International Standard Book Number |
9780714844473 (paperback) |
| 040 ## - CATALOGING SOURCE |
| Transcribing agency |
0 |
| 082 04 - DEWEY DECIMAL CLASSIFICATION NUMBER |
| Classification number |
704.94855 |
| 100 1# - MAIN ENTRY--PERSONAL NAME |
| Personal name |
Press, Editors of Phaidon. |
| 9 (RLIN) |
5001 |
| 245 10 - TITLE STATEMENT |
| Title |
Annunciation / |
| Statement of responsibility, etc. |
Editors of Phaidon Press. |
| 260 ## - PUBLICATION, DISTRIBUTION, ETC. |
| Place of publication, distribution, etc. |
London : |
| Name of publisher, distributor, etc. |
Phaidon Press, |
| Date of publication, distribution, etc. |
2004. |
| 300 ## - PHYSICAL DESCRIPTION |
| Extent |
242 p. : |
| Other physical details |
ill. ; |
| Dimensions |
17 cm. |
| 490 1# - SERIES STATEMENT |
| Series statement |
Art. |
| 520 ## - SUMMARY, ETC. |
| Summary, etc. |
A beautiful and evocative collection of over 100 representations of the Annunciation, presented in chronological order, each on a single page with a caption opposite. 'In the sixth month the Angel Gabriel was sent by God to a town in Galilee called Nazareth, to a virgin engaged to a man whose name was Joseph, of the house of David. The virgin's name was Mary. And he came to her and said, "Greetings favoured one! The Lord is with you." But she was much perplexed by his words and pondered what sort of greeting this might be. The angel said to her, "Do not be afraid, Mary, for you have found favour with God. And now, you will conceive in your womb and bear a son, and you will name him Jesus." ' The drama, the symbolism, the poignant simplicity of the imagined scene evoked by these words, have proved irresistible to artists over the centuries. Presented here, in a chronological sequence, are over 100 of the finest representations of this encounter. All depicting the same subject, yet all wonderfully and subtly different, these images are an inexhaustible source of pleasure and inspiration, taking the viewer on a journey of meditation through the ages. The design of the book is simple a. |
| 650 10 - SUBJECT ADDED ENTRY--TOPICAL TERM |
| Topical term or geographic name entry element |
Annunciation to the Blessed Virgin Mary |
| 9 (RLIN) |
5002 |
| 650 10 - SUBJECT ADDED ENTRY--TOPICAL TERM |
| Topical term or geographic name entry element |
Art |
| 9 (RLIN) |
5003 |
| 830 #0 - SERIES ADDED ENTRY--UNIFORM TITLE |
| Uniform title |
Art. |
| 9 (RLIN) |
5004 |
| 856 40 - ELECTRONIC LOCATION AND ACCESS |
| Materials specified |
Amazon.com |
| Uniform Resource Identifier |
<a href="http://www.amazon.com/exec/obidos/ASIN/0714844470/chopaconline-20">http://www.amazon.com/exec/obidos/ASIN/0714844470/chopaconline-20</a> |
| 942 ## - ADDED ENTRY ELEMENTS (KOHA) |
| Institution code [OBSOLETE] |
SADA |
| Koha item type |
Book |
| Call number prefix |
704.94855 PHA 2004 |
| Source of classification or shelving scheme |
|
| 952 ## - LOCATION AND ITEM INFORMATION (KOHA) |
| -- |
BOOK |